| 000 | 00552cam a2200181 i 4500 | ||
|---|---|---|---|
| 040 | _cDLC | ||
| 082 | _aCAM REC 2018 C326 Or. | ||
| 100 | 1 | _aLy, Sodeth, | |
| 245 | 1 | 0 |
_aCambodia economic update : _brecent economic developments and outlook / |
| 246 | 1 | _aSelected issue, investing in Cambodia's future, early childhood health and nutrition | |
| 300 |
_a54 pages : _bcolor illustrations ; _c30 cm |
||
| 500 | _a"May 2019." | ||
| 650 | 0 | _aEconomic development | |
| 650 | 0 | _aChildren | |
| 650 | 0 | _aNutrition | |
| 710 | 2 | _aWorld Bank. | |
| 942 | _cAEDBB | ||
| 999 |
_c22258 _d22258 |
||